BITTERSUITE - Billie Eilish (All Lyrics) - Statistics

General Stats
  • This quiz has been taken 83 times
  • The average score is 212 of 264
Answer Stats
Lyrics % Correct
I
100%
love
100%
Love
100%
you
100%
You
100%
a
98%
in
98%
In
98%
my
98%
with
98%
can
96%
can't
96%
Can't
96%
fall
96%
I've
92%
me
92%
me,
92%
on
92%
to
92%
We
92%
be
90%
were
90%
we're
90%
been
88%
But
88%
don't
88%
it
88%
the
88%
what
88%
when
88%
see
86%
was
84%
watch
84%
all
82%
dream,
82%
is
82%
look
82%
No
82%
overseas
82%
And
80%
away
80%
dreams
80%
for
80%
how
80%
ma
80%
need
80%
want
80%
at
78%
careful
78%
havin'
78%
knees
78%
say
78%
so
78%
body
76%
'Cause
76%
goes
76%
gotta
76%
Gotta
76%
I'm
76%
matter
76%
of
76%
Out
76%
breathe
75%
I'll
75%
hope
73%
one
73%
that
73%
way
73%
from
71%
green
71%
Keep
71%
Watchin'
71%
bad
69%
between
69%
feet
69%
feet,
69%
have
69%
once
69%
Outside
69%
wanna
69%
foyer
67%
God,
67%
week,
67%
door
65%
suite
65%
think
65%
up
65%
above
63%
Open
63%
everything
61%
seen
61%
sleep,
61%
brief
59%
It's
59%
still
59%
de
57%
off
57%
paranoid
57%
seem
57%
bittersweet,
55%
never
55%
land
53%
underneath
53%
vie
53%
L'amour
51%
looking
51%
beliefs
49%
If
49%
this
49%
void
49%
alright
47%
spite
47%
That's
47%
wait
47%
die
45%
filled
41%
paralyzed
41%
romanticized
41%
boys
39%
stayin'
31%
mmm
29%
discreet
25%
No matching quizzes found
Score Distribution
Percent of People with Each Score
Percentile by Number Answered
Your Score History
You have not taken this quiz